00883cam a22002657a 4500003000500000005001700005008004100022010001000063011001000073035001000083040000900093100002000102245011900122260009800241300002700339410004700366490003200413650001900445650002200464650002100486700001600507700001500523810004700538830003200585CHAP20220329142643.0020808d2000 za bd r 00110 eng d a86056 a87028 a97569 cCHAP00aRohrbach, D. D.10aCommercialization of sorghum milling in Botswana:btrends and prospectsc/by D. Rohrbach, K. Mupanda and T. Seleka aBulawayo, Zimbabwe :bInternational Crops Research Institute for the Semi-Arid Tropics,c2000 a20 p. :bmapa ; tablas21aICRISAT. Socioeconomics and Policy Program 0aWorking paper seriesvno. 614aSorgoxAfrica.14aSorgoxIndustria.14aSorgoxMercadeo.0 aMupanda, K.0 aSeleka, T.00aICRISAT. Socioeconomics and Policy Program0 aWorking paper seriesvno. 6